000 00436nam a2200193Ia 4500
005 20240823022725.0
008 240823s9999||||xx |||||||||||||| ||und||
020 _a81-7809-185-2
041 _aENGLISH
082 _A158 P3
100 _a"Crainer,Stuart"
245 4 _aThe Jack Welch Way
250 _a1st
260 _c2003
_b"Magna,M"
_aMumbai
500 _aYES
650 _aGeneral
_bGeneral
942 _cBK
999 _c179848
_d179848